000 00440cam a22001217a 4500
008 180718b-- xxu||||| |||| 00| 0 eng d
082 _aL906x5452 G
245 _aAccounts at a glance, Tamil Nadu
260 _aChennai
_bAccountant General (Accounts and Entitlements)
_c--
500 _aLibrary has 2005/06-2006/07
650 _aTamil Nadu - Appropriations and expenditures
700 _aTamil Nadu. Accountant General (Accounts and Entitlements)
999 _c481338
_d481338